A mucsfai bukovinai székelyek kenderfeldolgozása
Elmentve itt :
| Szerző: | |
|---|---|
| További közreműködők: | |
| Dokumentumtípus: | Szakdolgozat |
| Megjelent: |
1988
|
| Tárgyszavak: | |
| Online Access: | http://diploma.bibl.u-szeged.hu/45465 |
| LEADER | 00557nta a2200157 i 4500 | ||
|---|---|---|---|
| 001 | dipl45465 | ||
| 005 | 20141209084743.0 | ||
| 008 | 141205s1988 hu om 0|| zxx d | ||
| 040 | |a SZTE Diploma Repozitórium |b hun | ||
| 041 | |a zxx | ||
| 100 | 1 | |a Tevich Erzsébet | |
| 245 | 1 | 2 | |a A mucsfai bukovinai székelyek kenderfeldolgozása |h [elektronikus dokumentum] / |c Erzsébet Tevich |
| 260 | |c 1988 | ||
| 650 | 4 | |a Bölcsészettudományok | |
| 700 | 1 | |a Szabó József |e ths | |
| 856 | 4 | 0 | |u http://diploma.bibl.u-szeged.hu/id/eprint/45465/1/1988_tevich_erzsebet.pdf |z Dokumentum-elérés |